000 00434nam a22001817a 4500
003 MPLRDC
005 20220104114100.0
008 210129b ||||| |||| 00| 0 eng d
082 _a821 HWL
100 _a黄维梁
245 _a中国诗学纵横论
_c
250 _a四版
260 _a
_b洪范书店有限公司
_c1986
300 _b
490 _a洪范文学丛书. 22
650 _a中国诗论
942 _cBK
_o821 HWL
999 _c4669
_d4659